Sie nannten sie wolfskinder (Record no. 59808)

MARC details
000 -LÍDER
campo de controle de tamanho fixo 00375 a2200157 4500
001 - NÚMERO DE CONTROLE
campo de controle 59808
020 ## - ISBN - INTERNATIONAL STANDARD BOOK NUMBER
ISBN - International Standard Book Number 9783451708596
040 ## - FONTE DA CATALOGAÇÃO
Instituição que transcreveu o registro Anchieta - Pituba
100 ## - ENTRADA PRINCIPAL--NOME PESSOAL
Nome pessoal Keyserlingk, Linde von
240 10 - TÍTULO UNIFORME
Título uniforme Sie nannten sie wolfskinder
Idioma da obra por
245 10 - TÍTULO
Título Sie nannten sie wolfskinder
300 ## - DESCRIÇÃO FÍSICA
Extensão 271
362 0# - DATAS DE PUBLICAÇÃO E/OU DESIGNAÇÃO SEQUENCIAL
Datas de publicação e/ou designação sequencial 2008
650 #4 - ASSUNTO--TERMO TÓPICO
Cabeçalho tópico ou nome geográfico Literatura juvenil em alemão
942 ## - ELEMENTOS DE ENTRADA ADICIONADOS (KOHA)
Tipo de material Koha Livros
Holdings
Situação do descarte Situação das perdas Situação física Não pode ser emprestado Biblioteca de origem Biblioteca atual Data de aquisição Total de empréstimos Número de chamada completo Código de barras Data de último acesso Data do preço efetivo Tipo de material Koha
        Colégio Anchieta - Pituba Colégio Anchieta - Pituba 21/11/2023   LJ 028.543 K44s KEY SIE 11270/PIT 21/11/2023 21/11/2023 Livros